| 000 | 01374nam a22002657a 4500 | ||
|---|---|---|---|
| 999 |
_c7646 _d7646 |
||
| 003 | AR-CdUCM | ||
| 008 | 190321b ||||| |||| 00| 0 spa d | ||
| 020 | _a9789972804724 | ||
| 040 |
_aMUNICIPALIDAD PROVINCIAL DEL CUSCO _cBIBLIOTECA MUNICIPAL DEL CUSCO |
||
| 082 |
_a363.7384 / _bSP74 |
||
| 100 |
_aSpelucín, Juan _921589 |
||
| 245 |
_aMinería y salud ambiental en Camisea / _cJuan Spelucín; Víctor Hugo Giraldo. |
||
| 260 |
_aLima : _bConsorcio de Investigación Económica y Social, Observatorio del Derecho a la Salud : _bCentro Bartolomé de las Casas, _c2007. |
||
| 300 |
_a110 páginas ; _bmapas, cuadros, ilustraciones ; _c21 cm. |
||
| 505 | _aContenido: El enfoque de los derechos humanos -- La salud ambiental como parte del derecho a la salud -- Características generales del ámbito de estudio: el ámbito del proyecto camisea -- Hallazgos: situación de la salud ambiental de la población nativa ... | ||
| 650 |
_aProyecto camisea _921590 |
||
| 650 |
_aRecursos minerales - Aspectos ambientales _921591 |
||
| 650 |
_aSalud ambiental - Amazonas _921592 |
||
| 650 |
_aDerecho indígena - Amazonía _921593 |
||
| 700 |
_aGiraldo, Víctor Hugo _921594 |
||
| 710 |
_aConsorcio de Investigación Económica y Social _921595 |
||
| 710 |
_aCentro de Estudios Regionales Andinos Bartolomé de Las Casas _97768 |
||
| 942 |
_2ddc _cLIBROS |
||
| 945 | _alccs | ||